000 00358nam a2200109Ia 4500
008 171211s9999 xx 000 0 und d
245 _aNolo's Encyclopedia of Everyday Law
245 _cBeth McKenna, J.D. Irving Shae, and Kathleen A. Michon
260 _c2003
650 _xEncyclopedia and Dictionary
856 _uhttp://down.ebook777.com/064/0873379764.pdf
999 _c350148
_d350148